|
|
|
|
| LEADER |
01319nam a2200349 a 4500 |
| 001 |
28499 |
| 003 |
BD-DhAAL |
| 005 |
20141025142326.0 |
| 008 |
141025s2009 enka b 001 0 eng |
| 010 |
|
|
|a 2007046053
|
| 020 |
|
|
|a 9780521873512 (hardback)
|
| 020 |
|
|
|a 9780521118682
|
| 020 |
|
|
|a 0521873517 (hardback)
|
| 020 |
|
|
|a 9780521695343 (pbk.)
|
| 020 |
|
|
|a 0521695341 (pbk.)
|
| 035 |
|
|
|a (OCoLC)ocn166357687
|
| 035 |
|
|
|a (OCoLC)166357687
|z (OCoLC)166357701
|
| 040 |
|
|
|a DLC
|c DLC
|d BTCTA
|d BAKER
|d YDXCP
|d BWKUK
|d DLC
|d BD-DhAAL
|
| 050 |
0 |
0 |
|a BL2005
|b .S26 2008
|
| 082 |
0 |
0 |
|a 294.09/01
|2 22
|
| 100 |
1 |
|
|a Samuel, Geoffrey.
|9 5851
|
| 245 |
1 |
4 |
|a The origins of yoga and tantra :
|b Indic religions to the thirteenth century /
|c Geoffrey Samuel.
|
| 260 |
|
|
|a Cambridge, UK ;
|a New York :
|b Cambridge University Press,
|c 2009.
|
| 300 |
|
|
|a x, 422 p. :
|b ill. ;
|c 24 cm.
|
| 504 |
|
|
|a Includes bibliographical references (p. 354-401) and index.
|
| 541 |
|
|
|e 28499
|
| 650 |
|
0 |
|a Yoga
|x History.
|9 5852
|
| 650 |
|
0 |
|a Tantrism
|x History.
|9 5853
|
| 651 |
|
0 |
|a India
|x Religion.
|9 5854
|
| 942 |
|
|
|2 ddc
|c BK
|
| 999 |
|
|
|c 32988
|d 32988
|
| 952 |
|
|
|0 0
|1 0
|2 ddc
|4 0
|6 294_090100000000000_SAM
|7 0
|9 43940
|a BRACUL
|b BRACUL
|c GEN
|d 2014-10-25
|e Riza Enterprises
|g 1742.00
|l 4
|m 11
|o 294.0901 SAM
|p 3010028499
|r 2025-05-15
|s 2025-02-24
|t 1
|w 2014-10-25
|y BK
|